MyGZULibrary

Routledge philosophy guidebook to Plato and the Republic / (Record no. 2722)

MARC details
000 -LEADER
fixed length control field 01145cam a2200313 a 4500
001 - CONTROL NUMBER
control field 1598134
003 - CONTROL NUMBER IDENTIFIER
control field GZU
005 - DATE AND TIME OF LATEST TRANSACTION
control field 20201105103820.0
008 - FIXED-LENGTH DATA ELEMENTS--GENERAL INFORMATION
fixed length control field 940816s1995 enka b 001 0 eng
010 ## - LIBRARY OF CONGRESS CONTROL NUMBER
LC control number 94033894
020 ## - INTERNATIONAL STANDARD BOOK NUMBER
International Standard Book Number 041509531X (hbk.) :
Terms of availability $39.95 (U.S.)
020 ## - INTERNATIONAL STANDARD BOOK NUMBER
International Standard Book Number 0415095328 (pbk.) :
Terms of availability $12.95 (U.S.)
040 ## - CATALOGING SOURCE
Original cataloging agency DLC
Transcribing agency DLC
Modifying agency DLC
050 00 - LIBRARY OF CONGRESS CALL NUMBER
Classification number JC71
Item number P36 1995
082 00 - DEWEY DECIMAL CLASSIFICATION NUMBER
Classification number 321/.07
Edition number 20
100 1# - MAIN ENTRY--PERSONAL NAME
Personal name Pappas, Nickolas,
Dates associated with a name 1960-
245 10 - TITLE STATEMENT
Title Routledge philosophy guidebook to Plato and the Republic /
Statement of responsibility, etc. Nickolas Pappas.
246 30 - VARYING FORM OF TITLE
Title proper/short title Plato and the Republic
260 ## - PUBLICATION, DISTRIBUTION, ETC.
Place of publication, distribution, etc. London ;
-- New York :
Name of publisher, distributor, etc. Routledge,
Date of publication, distribution, etc. 1995.
300 ## - PHYSICAL DESCRIPTION
Extent xiv, 230 p. :
Other physical details ill. ;
Dimensions 20 cm.
440 #0 - SERIES STATEMENT/ADDED ENTRY--TITLE
Title Routledge philosophy guidebooks
504 ## - BIBLIOGRAPHY, ETC. NOTE
Bibliography, etc. note Includes bibliographical references (p. 219-226) and index.
600 00 - SUBJECT ADDED ENTRY--PERSONAL NAME
Personal name Plato.
Title of a work Republic.
650 #0 - SUBJECT ADDED ENTRY--TOPICAL TERM
Topical term or geographic name entry element Political science
General subdivision History
Chronological subdivision To 1500.
650 #0 - SUBJECT ADDED ENTRY--TOPICAL TERM
Topical term or geographic name entry element Utopias
General subdivision History
Chronological subdivision To 1500.
906 ## - LOCAL DATA ELEMENT F, LDF (RLIN)
a 7
b cbc
c orignew
d 1
e ocip
f 19
g y-gencatlg
942 ## - ADDED ENTRY ELEMENTS (KOHA)
Source of classification or shelving scheme Library of Congress Classification
Koha item type Books
Classification part 71
Item part PAP
Call number prefix JC
Call number suffix 1995
Holdings
Withdrawn status Lost status Damaged status Not for loan Collection code Home library Current library Shelving location Date acquired Total Checkouts Full call number Barcode Date last seen Copy number Price effective from Koha item type Date last checked out
        Non-fiction City Campus Library City Campus Library General Stacks 11/05/2020   JC71 PAP 1995 B015237 11/05/2020 c.1 11/05/2020 Books  
        Non-fiction City Campus Library City Campus Library General Stacks 11/05/2020 1 JC71 PAP 1995 002604 06/30/2022 c.2 11/05/2020 Books 06/23/2022